00410nam a2200145Ia 4500999001700000003000400017005001700021008004100038040001800079082001900097100002700116245004600143260003100189942004400220 c17531d17531OSt20200606120042.0190216s9999||||xx |||||||||||||| ||und|| cMESKC library a891.432bSHA/H aSharma, Sunderlal9190 0aHindi Natak Vikas /cDr. Sunderlal Sharma bSanjay Prakashan,aDelhi : cBK2ddch891.432iSHA/Hk891.432mSHA/H